00390nam a2200145Ia 4500008004100000020001500041041001200056082001600068100001900084245007900103250000800182260002500190300000800215650002100223221030s9999 xx 000 0 und d a0070473552 aEnglish a105.23bKha aR. S. Khandpur 0aHandbook of Biomedical Instrumentation ( DEPARTMENTAL )cby R. S. Khandpur a2nd bTMHaNew Delhic2003 a924 aECE Departmental